My top 55 most beautiful idol ( this is my opinion ) Quiz Stats

Quiz not verified by Sporcle

Challenge
Share
Tweet
Score 0/55 Timer 20:00
0 Plays Today
% Correct
V
83.3%
Suga
83.3%
GD
66.7%
Joshua
66.7%
Jungkook
66.7%
D.O
66.7%
Jackson
50%
Yuta
50%
Jeonghan
50%
Baekhyun
50%
Hyungwon
50%
Mingyu
50%
Youngk
33.3%
Ilhoon
33.3%
Ken
33.3%
Minhyuk
33.3%
Jihun
16.7%
Mino
16.7%
Hansol
16.7%
Bjoo
16.7%
Hyungsik
16.7%
Ravi
16.7%
Yeo one
16.7%
L
16.7%
Key
16.7%
Ren
16.7%
Winwin
16.7%
Yesung
16.7%
% Correct
Jonghun
0%
Wooshin
0%
Kyungil
0%
Uknow
0%
Yongguk
0%
Hoya
0%
Jinhwan
0%
Nichkhun
0%
Donghun
0%
Wooyoung
0%
Himchan
0%
Takuya
0%
Dongwoon
0%
Jinyoung
0%
Ryeowook
0%
Changmin
0%
Shin
0%
Chunji
0%
Ayno
0%
Jacob
0%
Jun
0%
Hwiyoung
0%
Donghyuk
0%
Timoteo
0%
Dongjun
0%
Hwanhee
0%
Eunwoo
0%

You're not logged in!

Compare scores with friends on all Sporcle quizzes.
Join for Free
OR
Log In

You Might Also Like...

Show Comments

Extras

Top Quizzes Today


Score Distribution

Your Account Isn't Verified!

In order to create a playlist on Sporcle, you need to verify the email address you used during registration. Go to your Sporcle Settings to finish the process.

Report this User

Report this user for behavior that violates our Community Guidelines.

Details: